|
|
|
|
| LEADER |
00000nab a2200000 a 4500 |
| 001 |
vtls000227113 |
| 003 |
SK-MaSNL |
| 005 |
20260303210153.0 |
| 008 |
111130c1985 xo 0 slo |
| 015 |
|
|
|a SNBRB19rr/mm-uuuuu
|
| 035 |
|
|
|a CL0237227
|
| 040 |
|
|
|a SNKBUCL
|b slo
|c SNKBUCL
|e AACR2
|
| 041 |
0 |
|
|a slo
|
| 044 |
|
|
|a xo
|c SK
|
| 080 |
|
|
|a 82:7.097
|2 1981
|
| 080 |
|
|
|a 7.097
|2 1981
|
| 080 |
|
|
|a 894.545
|2 1981
|
| 100 |
1 |
|
|a -bj-
|4 aut
|9 938850
|
| 245 |
1 |
0 |
|a Rekviem pre ústnu harmoniku
|c -bj-
|
| 650 |
0 |
7 |
|a Skaličan, P.
|2 snkbucl
|9 1240678
|
| 650 |
0 |
7 |
|a Československá televízia.
|b Štúdio Košice
|2 snkbucl
|9 1241517
|
| 650 |
0 |
7 |
|a Vetemaa, Enn,
|d 1936-
|2 snkbucl
|9 1224667
|
| 655 |
|
7 |
|a články z novín a časopisov
|2 snkbucl
|9 267496
|
| 655 |
|
7 |
|a články z odboru literárna veda a krásna literatúra
|2 snkbucl
|9 770045
|
| 773 |
0 |
|
|t Televízia
|g Roč. 20, č. 36 (1985), s. 15
|
| 850 |
|
|
|a Slovenská národná knižnica v Martine
|a MTA001
|
| 852 |
|
|
|a SNK
|b KIS3GCP
|
| 958 |
|
|
|a RK
|
| 958 |
|
|
|a LX
|
| 958 |
|
|
|a SU
|
| 992 |
|
|
|a RBX
|
| 999 |
|
|
|c 2199092
|d 2201022
|